Loading...
| Current Events | 8 | 12.50 | 75% | 50% | 0% |
| Fine Arts - Classical Music | 9 | 14.44 | 89% | 44% | 11% |
| Fine Arts - Other | 14 | 13.57 | 79% | 36% | 21% |
| Fine Arts - Painting & Sculpture | 12 | 17.50 | 100% | 75% | 0% |
| Geography | 4 | 15.00 | 100% | 50% | 0% |
| History - American | 10 | 13.00 | 90% | 20% | 20% |
| History - European | 8 | 15.00 | 88% | 63% | 0% |
| History - Other | 9 | 12.22 | 89% | 33% | 0% |
| History - World | 9 | 15.56 | 89% | 67% | 0% |
| Literature - American | 6 | 18.33 | 100% | 83% | 0% |
| Literature - British | 7 | 21.43 | 100% | 86% | 29% |
| Literature - European | 11 | 14.55 | 100% | 46% | 0% |
| Literature - World | 11 | 20.00 | 100% | 82% | 18% |
| Mythology | 3 | 13.33 | 67% | 67% | 0% |
| Other Academic | 7 | 14.29 | 100% | 29% | 14% |
| Philosophy | 7 | 18.57 | 86% | 86% | 14% |
| Religion | 9 | 15.56 | 100% | 44% | 11% |
| Science - Biology | 11 | 16.36 | 91% | 46% | 27% |
| Science - Chemistry | 8 | 16.25 | 100% | 50% | 13% |
| Science - Other | 11 | 16.36 | 100% | 55% | 9% |
| Science - Physics | 6 | 18.33 | 100% | 67% | 17% |
| Social Science | 7 | 12.86 | 86% | 43% | 0% |